00750nam a2200181 a 450000100100000000500170001000800410002704000250006810000290009324501610012226000480028330000210033165000300035265000310038270000330041395201050044699900170055100003632720260313093410.0120113s1995 ag 000 0 spa d aDO-SdBNPbspacBNPHU1 aGoldman, Ralph M.94791610aDe los conflictos armados a las políticas partidarias :bla transición crítica hacia el control civil /cRalph M. Goldman ; traducción Teresa Cillo. a[Buenos Aires] :bEdiciones Devenir,c1995. a282 p. ;c23 cm.24aConflictos armados96248520aCiencias políticas924261 aCillo, Teresa,etrad.948439 001050718MOaGRbGRcCTd2012-01-13iLF1l0o p36328-10r2020-06-25w2020-06-25y1ZNo se presta c35818d35818